000 01812nam0a2200373 4500
001 RU\NLR\bibl\77963
005 20250615175350.0
010 _a5-89059-019-7
_92000
021 _aRU
_b2000-107и
_9
035 _a(NLR Aleph) 001340866
090 _a859910
_c859910
100 _a20000331d1999 |||y0rusy50 ca
101 0 _arus
102 _aRU
105 _aa |||||||||
200 1 _aБыль и мифы Невы
_eФот.
_e[Стихи из]: А.С. Пушкин. Медный всадник
_e[Альбом]
_fА.С. Чежин
_g[Вступ. ст. А.М. Конечного]
210 _aСПб.
_cИзд-во Ивана Лимбаха
_d1999
215 _a79 с.
_cил.
_d32
600 1 _aЧежин
_bА.С.
_f1960
_gАндрей Сергеевич
_92159499
_3RU\NLR\auth\661299729
604 _1700#1$aПушкин$bА. С.$f1799-1837$gАлександр Сергеевич$4070
_150010$aМедный всадник$2psbo
_aПушкин, Александр Сергеевич (1799-1837)
_tМедный всадник
604 _1700#1$aПушкин$bА. С.$gАлександр Сергеевич$f1799 - 1837
_15011#$a"Медный всадник"$xИллюстрации$2nlr_sh1$2nlr_sh2$3RU\NLR\AUTH\66544466
_3RU\NLR\AUTH\66544466
_aПушкин, Александр Сергеевич (1799 - 1837)
_t"Медный всадник"
_xИллюстрации
_91312391
686 _aШ5(2=Р)51-4Пушкин535
686 _aШ6(2=Р)51-5
686 _aЩ163(2Р=Рус)7-8Чежин
700 1 _aЧежин
_bА. С.
_gАндрей С.
_4070
801 0 _aRU
_bNLR
_c20000331
_gPSBO
801 1 _aRU
_bNLR
_c20000331
852 _aNLR
_bЭ
_jАлТ63/2-Л452
942 _cBOOK
980 _aNB